|
|
|
|
| LEADER |
02043nam a2200529 i 4500 |
| 001 |
nkc20243608520 |
| 003 |
CZ PrNK |
| 005 |
20240821084301.0 |
| 007 |
ta |
| 008 |
240531s2024 xr ac e f 000 0 cze |
| 015 |
|
|
|a cnb003608520
|
| 020 |
|
|
|a 978-80-7501-174-9
|q (brožováno)
|
| 035 |
|
|
|a (OCoLC)1455303068
|
| 040 |
|
|
|a BOA001
|b cze
|d OLA001
|e rda
|
| 072 |
|
7 |
|a 37
|x Výchova a vzdělávání
|2 Konspekt
|9 22
|
| 080 |
|
|
|a [379.8.03:061.2]-053.6
|2 MRF
|
| 080 |
|
|
|a 379.8.03:061.2
|2 MRF
|
| 080 |
|
|
|a 379.8.03:061.2
|2 MRF
|
| 080 |
|
|
|a (035)
|2 MRF
|
| 100 |
1 |
|
|a Omelková, Eliška
|7 mzk20231191082
|4 aut
|
| 245 |
1 |
0 |
|a Roverský kompas :
|b začínáme s roveringem /
|c autorky: Eliška Omelková - Ywen, Pavla Sýkorová - Gymi, Anežka Bednářová, Markéta Musilová - Blecha, Barbora Tichavová - Rozárka
|
| 250 |
|
|
|a První vydání
|
| 264 |
|
1 |
|a Praha :
|b Junák - český skaut, Tiskové a distribuční centrum z.s.,
|c 2024
|
| 300 |
|
|
|a 59 stran :
|b barevné ilustrace, portréty ;
|c 21 cm
|
| 336 |
|
|
|a text
|b txt
|2 rdacontent
|
| 337 |
|
|
|a bez média
|b n
|2 rdamedia
|
| 338 |
|
|
|a svazek
|b nc
|2 rdacarrier
|
| 500 |
|
|
|a Název z obálky
|
| 500 |
|
|
|a Nad názvem: Skaut
|
| 500 |
|
|
|a Obsahuje QR kódy s přístupem k doplňujícím materiálům
|
| 650 |
0 |
7 |
|a rovering
|7 ph125240
|2 czenas
|
| 650 |
0 |
7 |
|a skauting
|7 ph116152
|2 czenas
|
| 650 |
0 |
7 |
|a skautská metodika
|7 ph162874
|2 czenas
|
| 650 |
0 |
9 |
|a rovering
|2 eczenas
|
| 650 |
0 |
9 |
|a scouting
|2 eczenas
|
| 650 |
0 |
9 |
|a scout methodology
|2 eczenas
|
| 655 |
|
7 |
|a příručky
|7 fd133209
|2 czenas
|
| 655 |
|
9 |
|a handbooks and manuals
|2 eczenas
|
| 700 |
1 |
|
|a Sýkorová, Pavla,
|d 1989-
|7 jo20191054637
|4 aut
|
| 700 |
1 |
|
|a Bednářová, Anežka
|7 mzk20241231922
|4 aut
|
| 700 |
1 |
|
|a Musilová, Markéta
|7 mzk20241231940
|4 aut
|
| 700 |
1 |
|
|a Tichavová, Barbora,
|d 1978-
|7 mzk2004228185
|4 aut
|
| 910 |
2 |
|
|a BOA001
|b 2-1526.931
|
| 990 |
|
|
|a BK
|
| 995 |
|
|
|a 01
|
| 991 |
|
|
|b 202407
|c NOV
|
| 996 |
6 |
|
|b 2610973981
|c 2-1526.931
|l MZK
|r Sklad / do 1 hodiny
|n 1
|p p.v.
|w 001970685
|u 000010
|a 1
|e BOA001
|j MZK50
|s P
|